| 000 | 00502nam a2200157 i 4500 | ||
|---|---|---|---|
| 001 | 56616 | ||
| 003 | ES-MaACL | ||
| 005 | 20230906163418.0 | ||
| 007 | t| | ||
| 008 | 031010s1977 sp ||||1| spa d | ||
| 100 | 1 |
_aDie Goyanes, María del Carmen. _944526 |
|
| 245 | 1 | 3 |
_aLa cuestión agraria en la República Romana hasta los Gracos / _cMaría del Carmen Die Goyanes. |
| 260 |
_aMadrid : _b[s.n., _c1977] ( _fTall. Gráf. Alonso) |
||
| 300 |
_a121 p. ; _c21 cm. |
||
| 852 |
_aES-MaACL _jA-8888 _bR.98298 |
||
| 999 |
_c56616 _d56616 |
||